Distributed and Parallel Architectures for Spatial Data (Record no. 18231)

MARC details
000 -LEADER
fixed length control field 01009nam a2200121Ia 4500
008 - FIXED-LENGTH DATA ELEMENTS--GENERAL INFORMATION
fixed length control field 220615s9999||||xx |||||||||||||| ||und||
245 #0 - TITLE STATEMENT
Title Distributed and Parallel Architectures for Spatial Data
546 ## - LANGUAGE NOTE
Language note English[eng]
650 ## - SUBJECT ADDED ENTRY--TOPICAL TERM
Topical term or geographic name entry element spatial big data||parallel processing||MapReduce||arable land quality (ALQ)||GIS||big data||IoT||Hadoop||geospatial big data||geospatial applications||buffer analysis||real-time||visualization-oriented||tile-pyramid||parallel computing||soil erosion modelling||mobility||data warehouses||spatiotemporal OLAP||mobility analytics||location-based aggregate queries||distributed processing technique||grid structure||MapReduce-based aggregate query algorithm||watershed analysis||multiple flow accumulation||DEM||CUDA||OpenACC||GPU||sustainable development||Agenda 2063||geoportal||monitoring and evaluation||geospatial data
700 ## - ADDED ENTRY--PERSONAL NAME
Personal name Belussi, Alberto||Migliorini, Sara||Carra, Damiano||Clementini, Eliseo
856 ## - ELECTRONIC LOCATION AND ACCESS
Uniform Resource Identifier <a href="https://mdpi.com/books/pdfview/book/2706">https://mdpi.com/books/pdfview/book/2706</a>
942 ## - ADDED ENTRY ELEMENTS (KOHA)
Koha item type E-Books
Holdings
Withdrawn status Lost status Damaged status Not for loan Home library Current library Date acquired Total Checkouts Date last seen Price effective from Koha item type
        Kerala University of Digital Sciences, Innovation and Technology Knowledge Centre Kerala University of Digital Sciences, Innovation and Technology Knowledge Centre 15/06/2022   15/06/2022 15/06/2022 E-Books